| 000 | 01157cam a2200337 a 4500 | ||
|---|---|---|---|
| 001 | 14590396 | ||
| 003 | OSt | ||
| 005 | 20230929161835.0 | ||
| 008 | 061011s2007 njua 001 0 eng | ||
| 010 | _a 2006051573 | ||
| 020 | _a9789332571631 | ||
| 020 | _a0130457949 | ||
| 020 | _a9780130457943 | ||
| 035 | _a(OCoLC)ocm73744074 | ||
| 035 | _a(OCoLC)73744074 | ||
| 040 |
_aDLC _cDLC _dYDX _dBAKER _dBTCTA _dYDXCP _dDLC |
||
| 050 | 0 | 0 |
_aQA371 _b.G644 2007 |
| 082 | 0 | 0 |
_a515.35 _bGOO/D |
| 100 | 1 |
_aGoode, Stephen W., _d1957- _99643 |
|
| 245 | 1 | 0 |
_aDifferential equations and linear algebra / _cStephen W. Goode and Scott A. Annin. |
| 250 | _a3rd. ed. | ||
| 260 |
_aUpper Saddle River, NJ : _bPearson Prentice Hall, _cc2007. |
||
| 300 |
_ax, 804 p. : _bill. ; _c27 cm. |
||
| 500 | _aIncludes index. | ||
| 650 | 0 | _aDifferential equations. | |
| 650 | 0 | _aAlgebras, Linear. | |
| 700 | 1 | _aAnnin, Scott. | |
| 906 |
_a7 _bcbc _corignew _d1 _eocip _f20 _gy-gencatlg |
||
| 942 |
_2ddc _cBK _h515.35 _iGOO/D _k515.35 _mGOO/D |
||
| 999 |
_c42361 _d42361 |
||